00315nam a2200133Ia 4500001000400000008004100004020002300045082002400068100001500092245001200107260001900119901002800138999001500166585241024s9999 xx 000 0 und d a978-999934-42-48-2 aRD/863.44/B742c/117 aJuan Bosch 0aCuentos bMegabytec2009 a17/11/2010 9:06:40 a.m. c7830d7830